000 00277nam a22001217a 4500
008 180301b xxu||||| |||| 00| 0 eng d
041 _aeng
080 _a232
100 _a24
101 _aTEO
245 _aGleanings from the Writings of Baha'u'llah
_cBahai
942 _2udc
_cBK
999 _c43897
_d43897